10 Most Expensive NFL Franchises - Statistics

General Stats
  • This quiz has been taken 49 times
  • The average score is 9 of 10
Answer Stats
Hint Answer % Correct
6.4 B New England Patriots
100%
8.0 B Dallas Cowboys
97%
6.2 B Los Angeles Rams
91%
5.1 B Las Vegas Raiders
88%
6.0 B New York Giants
88%
5.4 B New York Jets
88%
5.2 B San Francisco 49ers
88%
4.9 B Philadelphia Eagles
84%
5.8 B Chicago Bears
78%
5.6 B Washington Commanders
75%
No matching quizzes found
Score Distribution
Percent of People with Each Score
Percentile by Number Answered
Your Score History
You have not taken this quiz